01010nam a2200301 a 4500001001400000003000400014005001700018008004100035015001400076020002900090040002900119082001600148100002600164245007400190264005800264264001200322300005000334336002100384337002500405338002300430490005200453500001200505504005100517650003000568650003100598650002700629830005200656vtls000684860PNM20180728150127.0120725t20112011my a e | 000 0 may  aM13-05664 a9789673910175 qhardback aBNMcPNMbengdPPAKerda04a305.2352230 aZiyana Azimineauthor10aBETUL ATAU SALAH :bWAJARKAH PILIHAN ANDA? /cZiyana AziminnJILID 3 1aSeri Kembangan, Selangor :bPenerbitan Premier,c2011 4c© 2011 aiv, 44 pages :bcolour illustrations ;c31 cm 2rdacontentatext 2rdamediaaunmediated 2rdacarrieravolume1 aSIRI PEMBANGUNAN SIVIK MEMBENTUK JIWA CEMERLANG aJilid 3 aincludes bibliographical references : pages 4410aTeenagersxSocial aspects20aTeenagersxConduct of life20aYouthxConduct of life 0aSiri pembangunan sivik membentuk jiwa cemerlang